Estudios sobre derecho documental /
Guardado en:
| Otros Autores: | |
|---|---|
| Formato: | Desconocido |
| Idioma: | Spanish |
| Publicado: |
Madrid :
Consejo General del Notariado,
1997
|
| Series: | Escuela judicial Estudios de derecho judicial
4 |
| Materias: | |
| Etiquetas: |
Agregar Etiqueta
Sin Etiquetas, Sea el primero en etiquetar este registro!
|
| LEADER | 00591nac a22001575a 4500 | ||
|---|---|---|---|
| 001 | DER.der001631 | ||
| 005 | 20060713000000.0 | ||
| 008 | 180615s1997####||||||||||||||||||||spa|| | ||
| 245 | 1 | 0 | |a Estudios sobre derecho documental / |c Consejo General del Poder Judicial, dirigido por Juan Bolás Alfonso |
| 260 | |a Madrid : |b Consejo General del Notariado, |c 1997 | ||
| 300 | 0 | |a 397 p. | |
| 440 | 0 | |a Escuela judicial |v 4 |p Estudios de derecho judicial | |
| 653 | |a Derecho documental | ||
| 653 | |a Documentos públicos | ||
| 700 | 1 | |a Bolás Alfonso, Juan |e director | |
| 859 | |a DERECHO |b BIB. DERECHO |h 340.115 46 |i CON |p 003705 | ||
